书目信息 |
| 题名: |
电气照明技术
|
|
| 作者: | 谢秀颖 主编 | |
| 分册: | ||
| 出版信息: | 北京 中国电力出版社 2008.01 |
|
| 页数: | 219页 | |
| 开本: | 28cm | |
| 丛书名: | ||
| 单 册: | ||
| 中图分类: | TM923 | |
| 科图分类: | ||
| 主题词: | 电气照明--dian qi zhao ming--高等学校--教材 | |
| 电子资源: | ||
| ISBN: | 978-7-5083-6341-7 | |
| 000 | 00966nam0 2200265 450 | |
| 001 | 1058472583 | |
| 005 | 20200904093618.95 | |
| 010 | @a978-7-5083-6341-7@dCNY22.00 | |
| 100 | @a20080419d2008 em y0chiy0120 ea | |
| 101 | 0 | @achi |
| 102 | @aCN@b110000 | |
| 105 | @aak a 000yy | |
| 200 | 1 | @a电气照明技术@Adian qi zhao ming ji shu@d= Electsical engineesing@f谢秀颖主编@Fxie xiu ying zhu bian@zeng |
| 205 | @a第2版 | |
| 210 | @a北京@c中国电力出版社@d2008.01 | |
| 215 | @a219页@c图@d28cm | |
| 300 | @a普通高等教育“十一五”规划教材 | |
| 320 | @a有书目 (第219页) | |
| 330 | @a全书共分八章,主要内容包括照明技术的基本知识、照明电光源、照明灯具、照度计算、照明光照设计、照明电气设计、电气照明施工图设计和照明工程设计实例。 | |
| 510 | 1 | @aElectsical engineesing@zeng |
| 606 | 0 | @a电气照明@Adian qi zhao ming@x高等学校@j教材 |
| 690 | @aTM923@v4 | |
| 701 | 0 | @a谢秀颖@Axie xiu ying@4主编 |
| 801 | 0 | @aCN@bQSSK@c20100609 |
| 905 | @b292953-55@dTM923@eX478=2@f3 | |
| 电气照明技术= Electsical engineesing/谢秀颖主编.-第2版.-北京:中国电力出版社,2008.01 |
| 219页:图;28cm |
| 普通高等教育“十一五”规划教材 |
| ISBN 978-7-5083-6341-7:CNY22.00 |
| 全书共分八章,主要内容包括照明技术的基本知识、照明电光源、照明灯具、照度计算、照明光照设计、照明电气设计、电气照明施工图设计和照明工程设计实例。 |
| ● |
| 相关链接 |
|
|
|
正题名:电气照明技术
索取号:TM923/X478=2
 
预约/预借
| 序号 | 登录号 | 条形码 | 馆藏地/架位号 | 状态 | 备注 |
| 1 | 1234866 | 212348663 | 自科库301/301自科库 21排1列5层/ [索取号:TM923/X478=2] | 在馆 | |
| 2 | 1301333 | 213013335 | 自科二线404/301自科库 14排3列4层/ [索取号:TM923/X478=2] | 在馆 | |
| 3 | 470293 | 204702937 | 自科库301/301自科库 21排1列5层/ [索取号:TM923/X478=2] | 在馆 | |
| 4 | 474798 | 204747989 | 自科二线404/301自科库 14排3列4层/ [索取号:TM923/X478=2] | 在馆 | |
| 5 | 474799 | 204747998 | 自科库301/301自科库 21排1列5层/ [索取号:TM923/X478=2] | 在馆 | |
| 6 | 474800 | 204748005 | 自科二线404/301自科库 14排3列4层/ [索取号:TM923/X478=2] | 在馆 |